Country and Territory Capitals - Statistics

General Stats
  • This quiz has been taken 20 times
  • The average score is 158 of 252
Answer Stats
Hint Answer % Correct
Algeria Algiers
82%
Andorra Andorra la Vella
82%
Australia Canberra
82%
Afghanistan Kabul
82%
Maldives Malé
82%
Albania Tirana
82%
United States of America Washington, D.C.
82%
United Arab Emirates Abu Dhabi
73%
Ghana Accra
73%
Ethiopia Addis Ababa
73%
Jordan Amman
73%
Netherlands Amsterdam
73%
Madagascar Antananarivo
73%
Kazahkstan Astana
73%
Greece Athens
73%
Iraq Baghdad
73%
Azerbaijan Baku
73%
Brunei Bandar Seri Begawan
73%
China Beijing
73%
Lebanon Beirut
73%
Northern Ireland Belfast
73%
Belize Belmopan
73%
Germany Berlin
73%
Kyrgyzstan Bishkek
73%
Guinea-Bissau Bissau
73%
Brazil Brasília
73%
Barbados Bridgetown
73%
Belgium Brussels
73%
Hungary Budapest
73%
Argentina Buenos Aires
73%
Egypt Cairo
73%
Venezuela Caracas
73%
Guinea Conakry
73%
Denmark Copenhagen
73%
Bangladesh Dhaka
73%
Djibouti Djibouti
73%
Qatar Doha
73%
Ireland Dublin
73%
Scotland Edinburgh
73%
Botswana Gaborone
73%
Ascension | Guyana Georgetown
73%
Cayman Islands George Town
73%
Gibraltar Gibraltar
73%
Guatemala Guatemala City
73%
Vietnam Hanoi
73%
Cuba Havana
73%
Finland Helsinki
73%
Hong Kong Hong Kong
73%
Indonesia Jakarta
73%
Israel Jerusalem
73%
Nepal Kathmandu
73%
Jamaica | Norfolk Island Kingston
73%
Saint Vincent and the Grenadines Kingstown
73%
Democratic Republic of the Congo Kinshasa
73%
Malaysia Kuala Lumpur
73%
Kuwait Kuwait City
73%
Ukraine Kyiv
73%
Bolivia La Paz / Sucre
73%
Malawi Lilongwe
73%
Peru Lima
73%
Portugal Lisbon
73%
Togo Lomé
73%
England London
73%
Macau Macau
73%
Spain Madrid
73%
Bahrain Manama
73%
Phillipines Manila
73%
Belarus Minsk
73%
Monaco Monaco
73%
Russia Moscow
73%
Kenya Nairobi
73%
Bahamas Nassau
73%
Myanmar Naypyidaw
73%
Chad N'Djamena
73%
India New Delhi
73%
Cyprus Nicosia
73%
Greenland Nuuk
73%
Canada Ottawa
73%
Burkina Faso Ouagadougou
73%
France Paris
73%
Cambodia Phnom Penh
73%
Haiti Port-au-Prince
73%
Benin Porto-Novo
73%
Czechia Prague
73%
Cape Verde Praia
73%
Kosovo Pristina
73%
North Korea Pyongyang
73%
Morocco Rabat
73%
Iceland Reykjavik
73%
Latvia Riga
73%
Italy Rome
73%
Grenada Saint George's
73%
Antigua and Barbuda Saint John's
73%
Costa Rica San José
73%
El Salvador San Salvador
73%
Chile Santiago
73%
Bosnia and Herzegovina Sarajevo
73%
Bulgaria Sofia
73%
Georgia Tbilisi
73%
Honduras Tegucigalpa
73%
Iran Tehran
73%
Bhutan Thimphu
73%
Japan Tokyo
73%
Libya Tripoli
73%
Tunisia Tunis
73%
Mongolia Ulaanbaatar
73%
Liechtenstein Vaduz
73%
Malta Valletta
73%
Vatican City Vatican City
73%
Austria Vienna
73%
Laos Vientiane
73%
Lithuania Vilnius
73%
Poland Warsaw
73%
Côte d'Ivoire Yamoussoukro
73%
Cameroon Yaoundé
73%
Armenia Yerevan
73%
Croatia Zagreb
73%
Nigeria Abuja
64%
Turkey Ankara
64%
Samoa Apia
64%
Turkmenistan Ashgabat
64%
Eritrea Asmara
64%
Paraguay Asunción
64%
Mali Bamako
64%
Thailand Bangkok
64%
Central African Republic Bangui
64%
Gambia Banjul
64%
Guadeloupe Basse-Terre
64%
Saint Kitts and Nevis Basseterre
64%
Serbia Belgrade
64%
Colombia Bogotá
64%
Slovakia Bratislava
64%
Republic of the Congo Brazzaville
64%
Romania Bucharest
64%
Wales Cardiff
64%
French Guiana Cayenne
64%
Senegal Dakar
64%
Syria Damascus
64%
Timor-Leste Dili
64%
Tanzania Dodoma
64%
Tajikistan Dushanbe
64%
Palestine East Jerusalem / Ramallah
64%
Soloman Islands Honiara
64%
Pakistan Islamabad
64%
South Sudan Juba
64%
Uganda Kampala
64%
Sudan Khartoum
64%
Rwanda Kigali
64%
Gabon Libreville
64%
Slovenia Ljubljana
64%
Angola Luanda
64%
Luxembourg Luxembourg City
64%
Marshall Islands Majuro
64%
Nicaragua Managua
64%
Lesotho Maseru
64%
Eswatini Mbabane / Lobamba
64%
Mexico Mexico City
64%
Somalia Mogadishu
64%
Liberia Monrovia
64%
Uruguay Montevideo
64%
Comoros Moroni
64%
Oman Muscat
64%
Palau Ngerulmud
64%
Mauritania Nouakchott
64%
Norway Oslo
64%
Panama Panama City
64%
Suriname Paramaribo
64%
Montenegro Podgorica
64%
Mauritius Port Louis
64%
Trinidad and Tobago Port of Spain
64%
Vanuatu Port Vila
64%
South Africa Pretoria / Cape Town / Bloemfontein
64%
Ecuador Quito
64%
Saudi Arabia Riyadh
64%
Dominica Roseau
64%
Yemen Sana'a
64%
Puerto Rico San Juan
64%
Dominican Republic Santo Domingo
64%
São Tomé and Príncipe São Tomé
64%
South Korea Seoul
64%
Singapore Singapore
64%
North Macedonia Skopje
64%
Sri Lanka Sri Jayawardenepura Kotte / Colombo
64%
Sweden Stockholm
64%
Fiji Suva
64%
Taiwan Taipei
64%
Estonia Tallinn
64%
Seychelles Victoria
64%
New Zealand Wellington
64%
Cook Islands Avarua
55%
Switzerland Bern
55%
Moldova Chișinău
55%
Christmas Island Flying Fish Cove
55%
Sierra Leone Freetown
55%
Tuvalu Funafuti
55%
Zimbabwe Harare
55%
Zambia Lusaka
55%
Equatorial Guinea Malabo
55%
Mozambique Maputo
55%
Niger Niamey
55%
New Caledonia Nouméa
55%
American Samoa Pago Pago
55%
Micronesia Palakir
55%
French Polynesia Papeete
55%
Papua New Guinea Port Moresby
55%
Uzbekistan Tashkent
55%
Namibia Windhoek
55%
Nauru Yaren
55%
Burundi Bujumbura
45%
Saint Lucia Castries
45%
Martinique Fort-de-France
45%
Åland Mariehamn
45%
Aruba | Sint Eustatius Oranjestad
45%
Sint Maarten Phillipsburg
45%
Réunion Saint-Denis
45%
Northern Mariana Islands Saipan
45%
Falkland Islands Stanley
45%
Anguilla The Valley
45%
Faroe Islands Tórshavn
45%
Cocos Islands West Island
45%
Niue Alofi
36%
Turks and Caicos Cockburn Town
36%
Isle of Man | Jersey Douglas
36%
Tristan da Cunha Edinburgh of the Seven Seas
36%
Guam Hagåtña
36%
Bermuda Hamilton
36%
Saint Helena Jamestown
36%
Saint-Martin Marigot
36%
Wallis and Futuna Matā'utu
36%
Montserrat Plymouth / Brades
36%
Guernsey Saint Peter Port
36%
Abkhazia Sukhumi
36%
Transnistria Tiraspol
36%
Pitcairn Islands Adamstown
27%
Găgăuzia Comrat
27%
Bonaire Kralendijk
27%
Western Sahara Laayoune
27%
Svalbard Longyearbyen
27%
Mayotte Mamoudzou
27%
Northern Cyprus North Nicosia
27%
British Virgin Islands Road Town
27%
Saint Pierre and Miquelon Saint-Pierre
27%
Saba | Saint Barthélemy The Bottom
27%
Curaçao Willemstad
27%
U.S. Virgin Islands Charlotte Amalie
18%
South Ossetia Tskhinvali
18%
Somaliland Hargiesa
0%
No matching quizzes found
Score Distribution
Percent of People with Each Score
Percentile by Number Answered
Your Score History
You have not taken this quiz